Canadian Federal Ridings: West & Territories Quiz Stats

 Plays Quiz not verified by Sporcle

Challenge
Share
Tweet
Embed
Score 0/107 Timer 15:00
0 Plays Today
Province Riding % Correct
British ColumbiaAbbotsford
60%
British ColumbiaVancouver Centre
55.6%
British ColumbiaVancouver East
55.6%
British ColumbiaVictoria
55.6%
AlbertaCalgary Centre
51.1%
British ColumbiaCariboo—Prince George
48.9%
British ColumbiaNorth Vancouver
48.9%
British ColumbiaVancouver South
48.9%
AlbertaCalgary Heritage
48.9%
AlbertaLethbridge
48.9%
British ColumbiaBurnaby North—Seymour
46.7%
British ColumbiaDelta
46.7%
British ColumbiaSaanich—Gulf Islands
46.7%
British ColumbiaSurrey Centre
46.7%
AlbertaEdmonton Centre
46.7%
SaskatchewanRegina—Lewvan
46.7%
British ColumbiaBurnaby South
44.4%
British ColumbiaRichmond Centre
44.4%
British ColumbiaVancouver Granville
44.4%
AlbertaCalgary Confederation
44.4%
AlbertaCalgary Nose Hill
44.4%
SaskatchewanDesnethé—Missinippi—Churchill River
44.4%
British ColumbiaVancouver Quadra
42.2%
AlbertaEdmonton Strathcona
42.2%
SaskatchewanPrince Albert
42.2%
SaskatchewanRegina—Wascana
42.2%
ManitobaWinnipeg South
42.2%
TerritoriesNorthwest Territories
42.2%
British ColumbiaNew Westminster—Burnaby
40%
British ColumbiaNorth Island—Powell River
40%
British ColumbiaSkeena—Bulkley Valley
40%
British ColumbiaVancouver Kingsway
40%
AlbertaBanff—Airdrie
40%
SaskatchewanRegina—Qu'Appelle
40%
SaskatchewanSaskatoon—University
40%
SaskatchewanSaskatoon West
40%
Province Riding % Correct
ManitobaBrandon—Souris
40%
ManitobaWinnipeg North
40%
TerritoriesNunavut
40%
TerritoriesYukon
40%
British ColumbiaEsquimalt—Saanich—Sooke
37.8%
British ColumbiaKamloops—Thompson—Cariboo
37.8%
British ColumbiaKelowna—Lake Country
37.8%
British ColumbiaPort Moody—Coquitlam
37.8%
British ColumbiaSouth Surrey—White Rock
37.8%
British ColumbiaWest Vancouver—Sunshine Coast—Sea to Sky Country
37.8%
AlbertaBow River
37.8%
AlbertaCalgary Midnapore
37.8%
AlbertaCalgary Skyview
37.8%
AlbertaEdmonton West
37.8%
ManitobaWinnipeg Centre
37.8%
British ColumbiaCloverdale—Langley City
35.6%
British ColumbiaChilliwack—Hope
35.6%
British ColumbiaCoquitlam—Port Coquitlam
35.6%
British ColumbiaKootenay—Columbia
35.6%
British ColumbiaLangley—Aldergrove
35.6%
British ColumbiaPrince George—Peace River—Northern Rockies
35.6%
British ColumbiaSteveston—Richmond East
35.6%
British ColumbiaSurrey—Newton
35.6%
AlbertaCalgary Forest Lawn
35.6%
AlbertaCalgary Signal Hill
35.6%
AlbertaEdmonton Manning
35.6%
AlbertaEdmonton Mill Woods
35.6%
AlbertaEdmonton Riverbend
35.6%
AlbertaFoothills
35.6%
ManitobaWinnipeg South Centre
35.6%
British ColumbiaCourtenay—Alberni
33.3%
British ColumbiaFleetwood—Port Kells
33.3%
British ColumbiaNanaimo—Ladysmith
33.3%
British ColumbiaNorth Okanagan—Shuswap
33.3%
British ColumbiaSouth Okanagan—West Kootenay
33.3%
AlbertaEdmonton Griesbach
33.3%
Province Riding % Correct
SaskatchewanMoose Jaw—Lake Centre—Lanigan
33.3%
SaskatchewanYorkton—Melville
33.3%
ManitobaElmwood—Transcona
33.3%
British ColumbiaCowichan—Malahat—Langford
31.1%
British ColumbiaMission—Matsqui—Fraser Canyon
31.1%
AlbertaCalgary Rocky Ridge
31.1%
AlbertaRed Deer—Lacombe
31.1%
ManitobaChurchill—Keewatinook Aski
31.1%
ManitobaProvencher
31.1%
British ColumbiaPitt Meadows—Maple Ridge
28.9%
AlbertaEdmonton—Wetaskiwin
28.9%
AlbertaSt. Albert—Edmonton
28.9%
AlbertaYellowhead
28.9%
SaskatchewanSaskatoon—Grasswood
28.9%
ManitobaCharleswood—St. James—Assiniboia—Headingley
28.9%
ManitobaPortage—Lisgar
28.9%
AlbertaBattle River—Crowfoot
26.7%
AlbertaCalgary Shepard
26.7%
AlbertaLakeland
26.7%
AlbertaMedicine Hat—Cardston—Warner
26.7%
AlbertaSturgeon River—Parkland
26.7%
SaskatchewanBattlefords—Lloydminster
26.7%
SaskatchewanCypress Hills—Grasslands
26.7%
ManitobaDauphin—Swan River—Neepawa
26.7%
British ColumbiaCentral Okanagan—Similkameen—Nicola
24.4%
ManitobaKildonan—St. Paul
24.4%
AlbertaFort McMurray—Cold Lake
22.2%
AlbertaGrande Prairie—Mackenzie
22.2%
AlbertaPeace River—Westlock
22.2%
AlbertaRed Deer—Mountain View
22.2%
AlbertaSherwood Park—Fort Saskatchewan
22.2%
ManitobaSelkirk—Interlake—Eastman
22.2%
SaskatchewanCarlton Trail—Eagle Creek
20%
SaskatchewanSouris—Moose Mountain
20%
ManitobaSaint Boniface—Saint Vital
20%

You're not logged in!

Compare scores with friends on all Sporcle quizzes.
Join for Free
OR
Log In

Show Comments

Extras

Top Quizzes Today


Score Distribution

Your Account Isn't Verified!

In order to create a playlist on Sporcle, you need to verify the email address you used during registration. Go to your Sporcle Settings to finish the process.

Report this User

Report this user for behavior that violates our Community Guidelines.

Details: